Routes in the Stepford City Zone - Statistics

General Stats
  • This quiz has been taken 23 times
  • The average score is 23 of 26
Answer Stats
Origin Desination Notes Operator Route Code % Correct
Stepford Central Airport Central Connect R001
94%
Stepford Central Port Benton Connect R002
94%
Stepford Central Leighton Stepford Road Connect R003
94%
Stepford Victoria Airport Central Free Route Connect R005
94%
Stepford Victoria Port Benton Connect R006
94%
Stepford Central Morganstown Connect R007
94%
Stepford Victoria Berrily Connect R008
94%
Stepford Central Terminal 2 Express Airlink R052
94%
Stepford Victoria Edgemead Was Class 68 Only Connect R009
88%
Stepford Central Whitefield Connect R020
88%
Stepford Central Airport Central Express Airlink R051
88%
Stepford Central Terminal 2 Stopper Airlink R053
88%
Stepford Central Airport Central Stopper Airlink R054
88%
Stepford Central Terminal 3 Airlink R055
88%
Stepford Central Stepford UFC Connect R021
82%
Stepford Victoria Whitefield Connect R022
82%
Stepford Victoria Stepford UFC Connect R023
82%
Stepford Central Llyn-By-The-Sea Connect R024
82%
St Helens Bridge Westwyvern Connect R025
82%
Stepford Victoria Llyn-By-The-Sea Class 68 Only Connect R026
82%
Stepford Central Berrily Connect R027
82%
Stepford Central Benton Express Express R075
82%
Stepford Central Leighton Stepford Road Express R076
82%
Stepford Central Llyn-By-The-Sea Stopper Express R077
82%
Stepford Central Llyn-By-The-Sea Fast Express R078
82%
Stepford Central Benton Express R079
82%
No matching quizzes found
Score Distribution
Percent of People with Each Score
Percentile by Number Answered
Your Score History
You have not taken this quiz